Law Courts in a Glass House:An Autobiography ( 664B actioned and boardedout) (Record no. 269328)

000 -LEADER
fixed length control field 00292 a2200097 4500
001 - CONTROL NUMBER
control field 34255
090 ## - LOCALLY ASSIGNED LC-TYPE CALL NUMBER (OCLC); LOCAL CALL NUMBER (RLIN)
-- 22666
-- 22666
100 ## - MAIN ENTRY--PERSONAL NAME
Personal name Sajjad Ali Shah, Justice Retd
245 ## - TITLE STATEMENT
Title Law Courts in a Glass House:An Autobiography ( 664B actioned and boardedout)
260 ## - PUBLICATION, DISTRIBUTION, ETC.
Place of publication, distribution, etc. Karachi
Name of publisher, distributor, etc. Oxford University Press
Date of publication, distribution, etc. 2001
942 ## - ADDED ENTRY ELEMENTS (KOHA)
Institution code [OBSOLETE] NUST-CAE
Holdings
Withdrawn status Lost status Damaged status Not for loan Collection code Permanent Location Current Location Date acquired Total Checkouts Barcode Date last seen Price effective from Koha item type
          College of Aeronautical Engineering (CAE) College of Aeronautical Engineering (CAE) 04/03/2017   CAE73237 04/05/2017 04/05/2017 Book
© 2023 Central Library, National University of Sciences and Technology. All Rights Reserved.